| 000 | 00552nam a22002057a 4500 | ||
|---|---|---|---|
| 003 | OSt | ||
| 005 | 20220902094920.0 | ||
| 008 | 220902b |||||||| |||| 00| 0 eng d | ||
| 020 | _a9781844808823 | ||
| 040 | _cIFM Library | ||
| 082 | _a658 | ||
| 100 |
_aDaft, L. Richard _94982 |
||
| 245 | _aManagement | ||
| 260 |
_aSingapore: _bThomas Rennie, _c2010 |
||
| 300 |
_axxxi, 856p.: _bill.; 26cm. |
||
| 500 | _aIncludes Glossary and Index | ||
| 650 |
_aManagement _94983 |
||
| 700 |
_aMartyn Kendrick & Natalia Vershinina _94984 |
||
| 942 |
_cBK _2ddc _n0 |
||
| 999 |
_c19064 _d19064 |
||